000 00364nam a2200145 i 4500
001 bg
100 1 _aBielecki, Jan
_d(?-2001).
245 0 _aPL/I :
_bprogramowanie operacji wejścia/wyjścia /
_cJan Bielecki.
260 _aWarszawa,
_c1983.
040 _cBPK
041 _apol
080 _a519.68(075.8)
942 _cKS
008 s pl f |000 0 pol
999 _c918
_d918
856 _uhttp://koha.tu.koszalin.pl/cgi-bin/koha/opac-detail.pl?biblionumber=918
_yKatalog online BPK